[Event "Hemer - Paderborn"]
[Site "?"]
[Date "2024.04.14"]
[Round "8.8"]
[White "Hofmann, Benjamin"]
[Black "Klueners, Juergen"]
[Result "0-1"]
[WhiteElo "1897"]
[BlackElo "2065"]
[PlyCount "122"]
[EventDate "2024.??.??"]
[SourceVersionDate "2023.09.25"]

1. d4 d5 2. Nf3 e6 3. c4 c5 4. g3 Nc6 5. Bg2 Nf6 6. O-O Be7 7. a3 a6 8. dxc5 Bxc5 9. b4 Be7 10. Bb2 O-O 11. Qc2 h6 12. Rd1 Qc7 13. cxd5 Nxd5 14. e4 Nf6 15. Ne5 Bd7 16. Nd2 Rac8 17. Rac1 Rfd8 18. Nb3 Be8 19. Rxd8 Qxd8 20. Na5 Na7 21. Qd1 Qxd1+ 22. Rxd1 Rc2 23. Bc1 Nb5 24. Bf1 Rc7 25. Bd3 Nc3 26. Re1 Bb5 27. Bxb5 Nxb5 28. f3 Nd7 29. Nd3 b6 30. Bf4 Rc3 31. Ne5 Nxe5 32. Bxe5 Rxa3 33. Nc4 Bxb4 34. Nxa3 Bxe1 35. Nc4 Bb4 36. Kf1 Bc5 37. f4 f6 38. Bb2 Kf7 39. Ke2 Ke7 40. Kd3 Nd6 41. Nd2 b5 42. Nb3 Bb6 43. Ba3 Kd7 44. e5 fxe5 45. fxe5 Nc4 46. Bf8 g6 47. Bxh6 Nxe5+ 48. Ke4 Ng4 49. Bg7 Nxh2 50. Bc3 Nf1 51. g4 Ne3 52. g5 Nc4 53. Nc1 Bc5 54. Nd3 Bd6 55. Bf6 a5 56. Kd4 Kc6 57. Ne1 Bg3 58. Nd3 e5+ 59. Ke4 Nd6+ 60. Ke3 Kd5 61. Nc1 Bf4+ 0-1

[Event "Kirchlengern - Werther"]
[Site "?"]
[Date "2024.04.14"]
[Round "8.1"]
[White "Haskenhoff, Jan"]
[Black "Gulatz, Maurice"]
[Result "0-1"]
[WhiteElo "2161"]
[BlackElo "2189"]
[PlyCount "48"]
[EventDate "2024.??.??"]
[SourceVersionDate "2023.09.25"]

1. d4 Nf6 2. Nf3 g6 3. c4 Bg7 4. g3 O-O 5. Bg2 d6 6. O-O Nc6 7. Nc3 Bf5 8. d5 Na5 9. Nd4 Bd7 10. Qd3 c5 11. Nc2 a6 12. b3 Rb8 13. e4 b5 14. Bd2 Qc7 15. Rab1 Rb7 16. Rfe1 Rfb8 17. e5 Bf5 18. exd6 exd6 19. Ne4 bxc4 20. Nxf6+ Bxf6 21. Qf3 Bg7 22. Ne3 Bxb1 23. Rxb1 cxb3 24. axb3 Nxb3 0-1

[Event "Kirchlengern - Werther"]
[Site "?"]
[Date "2024.04.14"]
[Round "8.2"]
[White "Ott, Mathias"]
[Black "Freiberger, Jonas"]
[Result "1-0"]
[WhiteElo "2012"]
[BlackElo "2179"]
[PlyCount "127"]
[EventDate "2024.??.??"]
[SourceVersionDate "2023.09.25"]

1. d4 f5 2. Qd3 Nc6 3. c3 d6 4. g4 fxg4 5. h3 g3 6. Qxg3 Nf6 7. Bg2 g6 8. Bg5 Bg7 9. Nd2 Nh5 10. Qd3 O-O 11. O-O-O Qe8 12. Bf3 Nf4 13. Bxf4 Rxf4 14. h4 e5 15. d5 Ne7 16. h5 Qa4 17. hxg6 hxg6 18. Nh3 Rxf3 19. Qxf3 Bg4 20. Qd3 Qxa2 21. Rdg1 Qa1+ 22. Nb1 e4 23. Qc4 Bf5 24. e3 Qa5 25. Nf4 b5 26. Qb3 Rb8 27. Ne6 Bf6 28. Nd2 Qb6 29. Nf4 Be5 30. Ng2 Rf8 31. Nh4 Bg7 32. Nxf5 gxf5 33. Rh3 Rf7 34. Rhg3 Kf8 35. c4 bxc4 36. Qxb6 axb6 37. Nxc4 Nxd5 38. Rg5 Nb4 39. R1g2 d5 40. Nd2 Nd3+ 41. Kb1 Bxb2 42. f3 Be5 43. f4 Bc3 44. Nf1 d4 45. Ng3 dxe3 46. Nxf5 Ke8 47. Nxe3 Rxf4 48. R5g4 Rxg4 49. Rxg4 Nc5 50. Kc2 Bd4 51. Nc4 Bf2 52. Kd2 b5 53. Nb2 Bd4 54. Nd1 b4 55. Rg5 c6 56. Ne3 b3 57. Nc4 Ke7 58. Rg6 Kd7 59. Rd6+ Kc7 60. Rxd4 Kb7 61. Nd6+ Ka6 62. Nxe4 b2 63. Nxc5+ Kb5 64. Kc2 1-0

[Event "Kirchlengern - Werther"]
[Site "?"]
[Date "2024.04.14"]
[Round "8.3"]
[White "Suchland, Marko"]
[Black "Dilger, Tim"]
[Result "1/2-1/2"]
[WhiteElo "2163"]
[BlackElo "1940"]
[PlyCount "109"]
[EventDate "2024.??.??"]
[SourceVersionDate "2023.09.25"]

1. d4 Nf6 2. Nf3 g6 3. Nbd2 Bg7 4. e4 d6 5. Bc4 O-O 6. O-O c5 7. dxc5 dxc5 8. Qe2 e6 9. c3 a5 10. a4 b6 11. Rd1 Qc7 12. Bd3 Nbd7 13. Nc4 Ng4 14. h3 Nge5 15. Nfxe5 Nxe5 16. Bf4 Bb7 17. Bg3 Rad8 18. Bc2 Ba6 19. Bb3 Qc8 20. Bh4 f6 21. f4 Nf7 22. Qg4 Qc6 23. e5 f5 24. Qf3 Qxf3 25. gxf3 g5 26. Bxg5 Nxg5 27. fxg5 Bxc4 28. Bxc4 Bxe5 29. Rxd8 Rxd8 30. Re1 Bf4 31. Rxe6 Kg7 32. Rxb6 Bxg5 33. Be6 Be3+ 34. Kf1 f4 35. Bf5 Rd1+ 36. Ke2 Rd2+ 37. Ke1 h5 38. Rg6+ Kf7 39. Rb6 Kg7 40. Rg6+ Kf7 41. Rb6 Kg7 42. b3 Rf2 43. Ra6 Rxf3 44. Rxa5 Kf6 45. Bc8 Rg3 46. Ra6+ Ke5 47. Re6+ Kd5 48. Re8 Rg1+ 49. Ke2 Rg2+ 50. Kd1 Rg1+ 51. Ke2 Rg2+ 52. Kd1 Rg1+ 53. Ke2 Rg2+ 54. Kd1 Rg1+ 55. Ke2 1/2-1/2

[Event "Kirchlengern - Werther"]
[Site "?"]
[Date "2024.04.14"]
[Round "8.4"]
[White "Knollmann, Benjamin"]
[Black "Goecke, Karl Ulrich"]
[Result "1-0"]
[WhiteElo "1949"]
[BlackElo "2135"]
[PlyCount "51"]
[EventDate "2024.??.??"]
[SourceVersionDate "2023.09.25"]

1. e4 c6 2. d4 d5 3. e5 c5 4. Nc3 cxd4 5. Qxd4 e6 6. Nf3 Nc6 7. Bb5 Bd7 8. Bxc6 bxc6 9. O-O Ne7 10. b3 Nf5 11. Qf4 h5 12. Ne2 a5 13. h3 Be7 14. Ng3 g6 15. Nxf5 gxf5 16. Qg3 Kf8 17. h4 c5 18. Bg5 Bc6 19. Rfe1 d4 20. Bf6 Rg8 21. Ng5 Rg6 22. Nxe6+ fxe6 23. Qxg6 Bxf6 24. exf6 Qd7 25. Qh6+ Kg8 26. Rxe6 1-0

[Event "Kirchlengern - Werther"]
[Site "?"]
[Date "2024.04.14"]
[Round "8.5"]
[White "Henkemeier, Markus"]
[Black "Ott, Helmut"]
[Result "0-1"]
[WhiteElo "2053"]
[BlackElo "1947"]
[PlyCount "100"]
[EventDate "2024.??.??"]
[SourceVersionDate "2023.09.25"]

1. d4 d5 2. Bf4 Nf6 3. e3 Bf5 4. Nf3 e6 5. Be2 Bd6 6. c3 O-O 7. Qb3 b6 8. Nbd2 a5 9. Ne5 a4 10. Qd1 Nfd7 11. Ndf3 f6 12. Nxd7 Qxd7 13. a3 Bxf4 14. exf4 Qd6 15. Qd2 c5 16. O-O Nc6 17. Rfe1 Na5 18. Bd1 Bg4 19. Nh4 Bxd1 20. Raxd1 Nb3 21. Qe3 cxd4 22. Qxe6+ Qxe6 23. Rxe6 dxc3 24. bxc3 Rfc8 25. Rxb6 Rxc3 26. Nf5 Rc7 27. g3 d4 28. Kg2 Rd7 29. Rb4 d3 30. Ne3 d2 31. Nc4 Rd3 32. Nb2 Rc3 33. Nxa4 Rc1 34. Nb2 Rxd1 35. Nxd1 Rxa3 36. Kf1 Nc1 37. Rd4 Ra2 38. Kg2 Ne2 39. Rd3 Kf7 40. Ne3 Nc1 41. Rd5 Ke6 42. f5+ Ke7 43. Nc4 Nb3 44. Ne3 g6 45. g4 gxf5 46. gxf5 Kf7 47. Rd7+ Kg8 48. Kf3 h5 49. h4 Ra4 50. Nf1 Nd4+ 0-1

[Event "Kirchlengern - Werther"]
[Site "?"]
[Date "2024.04.14"]
[Round "8.7"]
[White "Prochnow, Malte"]
[Black "Brueggemann, Jan Lucas"]
[Result "1-0"]
[WhiteElo "1928"]
[BlackElo "1886"]
[PlyCount "49"]
[EventDate "2024.??.??"]
[SourceVersionDate "2023.09.25"]

1. e4 e5 2. Nf3 Nc6 3. Bc4 Bc5 4. b4 Bxb4 5. c3 Be7 6. d4 d6 7. Qb3 Na5 8. Bxf7+ Kf8 9. Qa4 c6 10. Bxg8 Rxg8 11. dxe5 b5 12. Qc2 Nc4 13. exd6 Bxd6 14. Bg5 Qc7 15. Nbd2 Nb6 16. O-O h6 17. Bh4 c5 18. Rfe1 Be6 19. Rad1 Kf7 20. e5 Bf8 21. c4 bxc4 22. Ne4 Nc8 23. Neg5+ hxg5 24. Nxg5+ Ke7 25. Nxe6+ 1-0

[Event "Kirchlengern - Werther"]
[Site "?"]
[Date "2024.04.14"]
[Round "8.8"]
[White "Taubert, Tobias"]
[Black "Ortpaul, Mario"]
[Result "0-1"]
[WhiteElo "1907"]
[BlackElo "1954"]
[PlyCount "100"]
[EventDate "2024.??.??"]
[SourceVersionDate "2023.09.25"]

1. d4 Nf6 2. Nf3 c5 3. c3 e6 4. e3 Nc6 5. Nbd2 d5 6. Bd3 Be7 7. b3 O-O 8. Ba3 b6 9. O-O Bb7 10. Rc1 Rc8 11. c4 cxd4 12. Bxe7 Qxe7 13. exd4 Rfd8 14. cxd5 Nb4 15. Nc4 exd5 16. Re1 Qf8 17. Nce5 Nxa2 18. Rxc8 Rxc8 19. Qd2 Nc3 20. Bf5 Nce4 21. Qa2 Ra8 22. Rc1 Bc8 23. Bxe4 Nxe4 24. Rc7 f6 25. Nc6 Bg4 26. Ne7+ Kh8 27. Qc2 Bxf3 28. gxf3 Ng5 29. Qf5 Re8 30. Nxd5 Qd6 31. Kg2 Ne6 32. Qh5 Nxc7 33. Nxc7 Rd8 34. Nb5 Qd5 35. Qxd5 Rxd5 36. Nxa7 Rxd4 37. Nc6 Rd6 38. Ne7 Rd3 39. b4 Rd4 40. b5 Rd7 41. Nc8 Rd5 42. Nxb6 Rxb5 43. Nc4 Rb4 44. Nd6 Kg8 45. Kg3 g6 46. f4 Kf8 47. f3 f5 48. h4 Ke7 49. Nc8+ Kd7 50. Na7 Rb7 0-1

[Event "Sodingen - Lippstadt"]
[Site "?"]
[Date "2024.04.14"]
[Round "8.1"]
[White "Besou, Hussain"]
[Black "Werrn, Pascal"]
[Result "1-0"]
[WhiteElo "2230"]
[BlackElo "2129"]
[PlyCount "85"]
[EventDate "2024.??.??"]
[SourceVersionDate "2023.09.25"]

1. e4 c5 2. Nf3 Nc6 3. Bb5 g6 4. Bxc6 dxc6 5. h3 Bg7 6. O-O Qc7 7. d3 e5 8. Be3 b6 9. a3 Nf6 10. b4 c4 11. Nbd2 cxd3 12. cxd3 O-O 13. Rc1 Ba6 14. Qb3 Qd6 15. Nc4 Bxc4 16. Rxc4 Rfd8 17. d4 Nd7 18. Rfc1 exd4 19. Rxc6 Qe7 20. Bg5 Bf6 21. Rxf6 Nxf6 22. e5 Qe6 23. Qxe6 fxe6 24. exf6 Rd5 25. Rc7 Rf8 26. Rg7+ Kh8 27. Re7 Kg8 28. Rxe6 d3 29. Bh6 Rfd8 30. Ne5 Rxe5 31. Rxe5 d2 32. Bxd2 Rxd2 33. Re7 a5 34. Rg7+ Kf8 35. bxa5 bxa5 36. Rxh7 Ra2 37. Ra7 Rxa3 38. h4 a4 39. g4 Rh3 40. Kg2 Rxh4 41. Kg3 Rh1 42. Kf4 a3 43. Rxa3 1-0

[Event "Sodingen - Lippstadt"]
[Site "?"]
[Date "2024.04.14"]
[Round "8.2"]
[White "Waldschmidt, Georg"]
[Black "Wehmeier, Stefan"]
[Result "0-1"]
[WhiteElo "2127"]
[BlackElo "2412"]
[PlyCount "80"]
[EventDate "2024.??.??"]
[SourceVersionDate "2023.09.25"]

1. e4 e5 2. Nf3 Nc6 3. Bb5 a6 4. Ba4 Nf6 5. d3 d6 6. c3 Bd7 7. O-O Ne7 8. Bb3 h6 9. d4 Ng6 10. Re1 Be7 11. Nbd2 c5 12. h3 O-O 13. Nf1 Re8 14. Ng3 Bf8 15. d5 Nf4 16. Bc2 Qc8 17. Ne2 g5 18. Bxf4 exf4 19. c4 Bxh3 20. gxh3 Qxh3 21. Qd3 Qg4+ 22. Kf1 Rxe4 23. Nc3 Rxe1+ 24. Rxe1 Bg7 25. Ne4 Qh3+ 26. Kg1 g4 27. Nh2 f3 28. Qf1 Qh4 29. Nxf6+ Qxf6 30. Re4 h5 31. b3 Qg5 32. Qd3 Be5 33. Nf1 Re8 34. Re3 Kf8 35. Ng3 Bxg3 36. Rxe8+ Kxe8 37. fxg3 h4 38. gxh4 Qxh4 39. Qe3+ Kd8 40. Be4 Qg3+ 0-1

[Event "Sodingen - Lippstadt"]
[Site "?"]
[Date "2024.04.14"]
[Round "8.3"]
[White "Wagner, Alexej"]
[Black "Boehnke, Martin"]
[Result "1-0"]
[WhiteElo "2203"]
[BlackElo "2124"]
[PlyCount "57"]
[EventDate "2024.??.??"]
[SourceVersionDate "2023.09.25"]

1. d4 d5 2. c4 c6 3. Nf3 Nf6 4. e3 a6 5. Nc3 Bf5 6. Bd3 Bxd3 7. Qxd3 e6 8. O-O Nbd7 9. e4 dxe4 10. Nxe4 Nxe4 11. Qxe4 Be7 12. Bf4 O-O 13. Rad1 Re8 14. Rd3 Rc8 15. Rfd1 b5 16. b3 Qa5 17. Qe2 h6 18. h3 Bf6 19. Re3 Red8 20. g4 Nb6 21. g5 hxg5 22. Bxg5 Bxg5 23. Nxg5 bxc4 24. Re5 Rd5 25. Qh5 Rc7 26. Qh7+ Kf8 27. Qh8+ Ke7 28. Qxg7 Ke8 29. Nxe6 1-0

[Event "Sodingen - Lippstadt"]
[Site "?"]
[Date "2024.04.14"]
[Round "8.4"]
[White "Becker, Joerg"]
[Black "Tran, Duc Cuong"]
[Result "0-1"]
[WhiteElo "2183"]
[BlackElo "2110"]
[PlyCount "118"]
[EventDate "2024.??.??"]
[SourceVersionDate "2023.09.25"]

1. c4 e6 2. d4 d5 3. e3 Nf6 4. Nf3 a6 5. b3 b6 6. Bd3 Bb7 7. O-O Bd6 8. Bb2 O-O 9. Nbd2 Nbd7 10. Ne5 Ne4 11. Nxd7 Qxd7 12. cxd5 exd5 13. Qc2 Rfe8 14. f3 Nxd2 15. Qxd2 c5 16. Rac1 Rac8 17. f4 Qe6 18. Rf3 c4 19. Bb1 b5 20. Qc2 Qg6 21. Qf2 Qf6 22. Rh3 g6 23. g4 Rc7 24. Rf1 Bc8 25. g5 Qg7 26. Rg3 Bf5 27. Bxf5 gxf5 28. Rh3 c3 29. Bc1 b4 30. Qf3 Re4 31. Rh6 Re6 32. Kh1 Rxh6 33. gxh6 Qxh6 34. Qxd5 Qe6 35. Qa8+ Rc8 36. Qxa6 Qd5+ 37. Kg1 Ra8 38. Qe2 Kh8 39. Rf2 Qe4 40. Rg2 Rg8 41. Rxg8+ Kxg8 42. Qg2+ Kf8 43. Qxe4 fxe4 44. Kf2 Kg7 45. Ke1 Kg6 46. Kd1 Kh5 47. Kc2 Kg4 48. a3 bxa3 49. Kxc3 a2 50. Bb2 Kf3 51. b4 Kxe3 52. Kb3 Bxf4 53. Kxa2 Kd3 54. Kb3 e3 55. Bc3 Bxh2 56. b5 Bc7 57. d5 f5 58. Be1 f4 59. Ka4 f3 0-1

[Event "Sodingen - Lippstadt"]
[Site "?"]
[Date "2024.04.14"]
[Round "8.5"]
[White "Kuehler, Andreas"]
[Black "Banik, Thorsten"]
[Result "1/2-1/2"]
[WhiteElo "1959"]
[BlackElo "2109"]
[PlyCount "46"]
[EventDate "2024.??.??"]
[SourceVersionDate "2023.09.25"]

1. d4 Nf6 2. c4 g6 3. Nc3 d5 4. cxd5 Nxd5 5. Bd2 Bg7 6. e4 Nxc3 7. Bxc3 c5 8. d5 Bxc3+ 9. bxc3 Qa5 10. Qd2 b5 11. Nf3 Nd7 12. Bd3 Rb8 13. O-O Qc7 14. Rad1 Ne5 15. Nxe5 Qxe5 16. f4 Qc7 17. c4 b4 18. Qe3 Rb6 19. e5 O-O 20. f5 gxf5 21. Bxf5 Bxf5 22. Rxf5 Rg6 23. Rdf1 a5 1/2-1/2

[Event "Sodingen - Lippstadt"]
[Site "?"]
[Date "2024.04.14"]
[Round "8.6"]
[White "Mueller, Frank"]
[Black "Schulte, Tobias"]
[Result "1/2-1/2"]
[WhiteElo "1993"]
[BlackElo "1907"]
[PlyCount "80"]
[EventDate "2024.??.??"]
[SourceVersionDate "2023.09.25"]

1. e4 c5 2. Nc3 a6 3. g3 b5 4. Bg2 Bb7 5. Nge2 e6 6. O-O b4 7. Nb1 Nf6 8. d3 Qc7 9. Bf4 d6 10. Nd2 Nc6 11. Nc4 Be7 12. h3 O-O 13. g4 Rfe8 14. Ng3 Rac8 15. g5 Nd7 16. h4 Nde5 17. h5 Nxc4 18. dxc4 Ne5 19. Bxe5 dxe5 20. g6 fxg6 21. hxg6 h6 22. Qg4 Bg5 23. Rad1 Rcd8 24. Rxd8 Qxd8 25. Nh5 Bc8 26. Rd1 Qc7 27. Rd3 Bc1 28. b3 Qe7 29. Bh3 Rf8 30. Rf3 Rxf3 31. Qxf3 Qg5+ 32. Qg4 Qxg4+ 33. Bxg4 Kf8 34. Kg2 Bd7 35. Kf3 Be8 36. Bxe6 Bxg6 37. Ng3 Ke7 38. Bc8 a5 39. Kg4 Bf4 40. Nf5+ Bxf5+ 1/2-1/2

[Event "Sodingen - Lippstadt"]
[Site "?"]
[Date "2024.04.14"]
[Round "8.7"]
[White "Homfeldt, Christopher"]
[Black "Hille, Ralph Ingo"]
[Result "1/2-1/2"]
[WhiteElo "1861"]
[BlackElo "2085"]
[PlyCount "46"]
[EventDate "2024.??.??"]
[SourceVersionDate "2023.09.25"]

1. d4 b6 2. e4 e6 3. Bd3 Bb7 4. Nf3 d6 5. O-O Nd7 6. c4 g6 7. Nc3 Bg7 8. Be3 Ne7 9. Qc2 a6 10. Rfe1 O-O 11. d5 e5 12. b4 h6 13. Nd2 f5 14. f3 f4 15. Bf2 g5 16. Be2 h5 17. h3 Bc8 18. Rec1 Qe8 19. Nf1 Qg6 20. Nh2 Bh6 21. Qd1 Rf7 22. a4 Rg7 23. Rc2 Nf6 1/2-1/2

[Event "Meschede- Hamm"]
[Site "?"]
[Date "2024.04.14"]
[Round "8.1"]
[White "Dargel, Manuel"]
[Black "Rittmeier, Bernhard"]
[Result "1/2-1/2"]
[WhiteElo "2136"]
[BlackElo "2197"]
[PlyCount "49"]
[EventDate "2024.??.??"]
[SourceVersionDate "2023.09.25"]

1. c4 e6 2. Nc3 d5 3. d4 Nf6 4. Nf3 Be7 5. Bg5 O-O 6. e3 b6 7. Rc1 h6 8. Bh4 Bb7 9. Bd3 c5 10. O-O dxc4 11. Bxc4 cxd4 12. Nxd4 Nc6 13. Nxc6 Bxc6 14. Qb3 Nh5 15. Rfd1 Qe8 16. Bg3 Nxg3 17. hxg3 Bc5 18. Bb5 Bxb5 19. Nxb5 Qe7 20. Rd3 Rfd8 21. Rcd1 a6 22. Nd4 Bxd4 23. Rxd4 Rxd4 24. Rxd4 b5 25. Qd3 1/2-1/2

[Event "Meschede- Hamm "]
[Site "?"]
[Date "2024.04.14"]
[Round "8.2"]
[White "Voss, Georg"]
[Black "Pruess, Wilfried"]
[Result "1/2-1/2"]
[WhiteElo "1909"]
[BlackElo "2069"]
[PlyCount "28"]
[EventDate "2024.??.??"]
[SourceVersionDate "2023.09.25"]

1. c4 f5 2. g3 Nf6 3. Bg2 e6 4. d3 Be7 5. e3 O-O 6. Ne2 c6 7. O-O d6 8. b4 a5 9. b5 c5 10. Bb2 Ra7 11. d4 cxd4 12. exd4 b6 13. Nd2 Rc7 14. Rc1 d5 1/2-1/2

[Event "Meschede- Hamm "]
[Site "?"]
[Date "2024.04.14"]
[Round "8.3"]
[White "Gerard, Marcel"]
[Black "Weber, Andre"]
[Result "1/2-1/2"]
[WhiteElo "2062"]
[BlackElo "2031"]
[PlyCount "46"]
[EventDate "2024.??.??"]
[SourceVersionDate "2023.09.25"]

1. c4 Nf6 2. g3 c5 3. Bg2 d5 4. cxd5 Nxd5 5. Nc3 Nc7 6. Nf3 Nc6 7. O-O e5 8. d3 Be7 9. Be3 Be6 10. Qa4 Qd7 11. Ng5 Bxg5 12. Bxg5 Nd5 13. Rfc1 Rc8 14. Nxd5 Bxd5 15. Rxc5 Bxg2 16. Kxg2 O-O 17. Rac1 f5 18. Bd2 Rce8 19. Qc4+ Kh8 20. b4 f4 21. Qd5 Qe7 22. f3 Rd8 23. Qc4 Nd4 1/2-1/2

[Event "Meschede- Hamm"]
[Site "?"]
[Date "2024.04.14"]
[Round "8.4"]
[White "Hollmann, Bert"]
[Black "Schmidt, Ingo"]
[Result "1-0"]
[WhiteElo "2111"]
[BlackElo "2027"]
[PlyCount "107"]
[EventDate "2024.??.??"]
[SourceVersionDate "2023.09.25"]

1. c4 c6 2. g3 d5 3. Bg2 Nf6 4. b3 Bf5 5. Nf3 e6 6. d3 Bc5 7. O-O Nbd7 8. Nbd2 O-O 9. Bb2 Re8 10. Qc2 a5 11. h3 Qc7 12. Nd4 Bg6 13. cxd5 exd5 14. N2f3 Qb6 15. Rac1 Bd6 16. Nh4 Be5 17. Nxg6 Bxd4 18. Bxd4 Qxd4 19. Nh4 Qb4 20. e3 h6 21. Qc3 g6 22. Nf3 Qxc3 23. Rxc3 Ne5 24. Nxe5 Rxe5 25. d4 Re7 26. a3 Ne8 27. Rfc1 Nd6 28. Bf1 g5 29. Bd3 Kg7 30. b4 axb4 31. axb4 Ra2 32. b5 cxb5 33. Rc5 Re6 34. Rxd5 Rf6 35. Rc2 Ra3 36. Bxb5 Rb3 37. Bf1 Ne4 38. Re5 Nd6 39. f4 gxf4 40. gxf4 Nf5 41. Kf2 Nxd4 42. exd4 Rxf4+ 43. Kg2 Rxd4 44. Rf5 Rd7 45. Rcf2 Rb6 46. Bc4 Rg6+ 47. Kh2 f6 48. Rb5 Rg5 49. Rb6 Rc5 50. Bb3 Rc3 51. Rg2+ Kh8 52. Be6 Re7 53. Bd5 Rcc7 54. Rxf6 1-0

[Event "Meschede- Hamm "]
[Site "?"]
[Date "2024.04.14"]
[Round "8.5"]
[White "Paduch, Alexander"]
[Black "Dyballa, Gerhard"]
[Result "1/2-1/2"]
[WhiteElo "1992"]
[BlackElo "1943"]
[PlyCount "28"]
[EventDate "2024.??.??"]
[SourceVersionDate "2023.09.25"]

1. e4 e6 2. d4 d5 3. exd5 exd5 4. Nf3 Bd6 5. Bd3 Ne7 6. O-O Bg4 7. Bg5 Nbc6 8. c3 h6 9. Bh4 O-O 10. Nbd2 Qd7 11. Bg3 Bxg3 12. hxg3 Bf5 13. Qc2 Bxd3 14. Qxd3 Qf5 1/2-1/2

[Event "Meschede- Hamm"]
[Site "?"]
[Date "2024.04.14"]
[Round "8.6"]
[White "Kampert, Andreas"]
[Black "Klaus, Michael"]
[Result "1/2-1/2"]
[WhiteElo "1941"]
[BlackElo "1957"]
[PlyCount "42"]
[EventDate "2024.??.??"]
[SourceVersionDate "2023.09.25"]

1. d4 d5 2. c4 c6 3. Nc3 Nf6 4. Nf3 g6 5. Bf4 Bg7 6. e3 O-O 7. Bd3 Nbd7 8. O-O Re8 9. h3 b6 10. Ne5 Bb7 11. cxd5 Nxe5 12. Bxe5 Nxd5 13. Bxg7 Kxg7 14. Qb3 Qd6 15. Nxd5 cxd5 16. Rac1 Rec8 17. Be2 Rc7 18. Rxc7 Qxc7 19. Qc3 Qd6 20. Rc1 Rc8 21. Qd2 Rxc1+ 1/2-1/2

[Event "Meschede- Hamm"]
[Site "?"]
[Date "2024.04.14"]
[Round "8.7"]
[White "Sporkert, Corina"]
[Black "Schubert, Gerhard"]
[Result "1-0"]
[WhiteElo "1903"]
[BlackElo "1948"]
[PlyCount "73"]
[EventDate "2024.??.??"]
[SourceVersionDate "2023.09.25"]

1. e4 d6 2. d4 Nf6 3. Nc3 Nbd7 4. Nf3 e5 5. dxe5 dxe5 6. Bc4 Bb4 7. Bg5 h6 8. Bxf6 Qxf6 9. O-O Bxc3 10. bxc3 O-O 11. h3 Nc5 12. Qd5 Nd7 13. Bb3 c6 14. Qd3 Nc5 15. Qe3 Ne6 16. g3 Ng5 17. Nxg5 hxg5 18. Kg2 g6 19. Rh1 Kg7 20. Rad1 Rh8 21. f3 Be6 22. Bxe6 Qxe6 23. Qxg5 Rh5 24. Qe3 Qxa2 25. Rd2 Qe6 26. h4 Rhh8 27. Rhd1 Rhe8 28. Rd6 Qa2 29. R1d2 Re7 30. Qg5 Rae8 31. h5 Re6 32. Rd7 Qa3 33. Rxb7 R8e7 34. Rdd7 Rxd7 35. Rxd7 Re8 36. hxg6 Qxc3 37. gxf7+ 1-0

[Event "Paderborn- Kirchlengern"]
[Site "?"]
[Date "2024.05.05"]
[Round "9.1"]
[White "Gulatz, Maurice"]
[Black "Moeller, Maurin"]
[Result "1-0"]
[WhiteElo "2166"]
[BlackElo "2193"]
[PlyCount "45"]
[EventDate "2024.??.??"]
[SourceVersionDate "2023.09.25"]

1. e4 c5 2. Nf3 Nc6 3. d4 cxd4 4. Nxd4 Nf6 5. Nc3 e6 6. a3 d5 7. exd5 exd5 8. Be3 Bd6 9. Qd2 O-O 10. O-O-O a6 11. f3 Ne5 12. Bg5 Be7 13. Kb1 Re8 14. Nb3 Bf5 15. Qf4 g6 16. Qxe5 Qb6 17. Bd3 Bxd3 18. Rxd3 Rad8 19. Rhd1 d4 20. Rxd4 Rxd4 21. Qxd4 Qe6 22. Qh4 h5 23. Re1 1-0

[Event "Paderborn- Kirchlengern"]
[Site "?"]
[Date "2024.05.05"]
[Round "9.2"]
[White "Kesselmeier, Kevin"]
[Black "Ott, Mathias"]
[Result "0-1"]
[WhiteElo "2026"]
[BlackElo "2027"]
[PlyCount "78"]
[EventDate "2024.??.??"]
[SourceVersionDate "2023.09.25"]

1. e4 e6 2. d4 d5 3. Nc3 Bb4 4. e5 c5 5. a3 Ba5 6. b4 cxd4 7. Nb5 Bc7 8. f4 Bd7 9. Nxc7+ Qxc7 10. Bb2 Ba4 11. Bd3 Nc6 12. Qd2 Qb6 13. Nf3 Bb5 14. f5 Bxd3 15. Qxd3 exf5 16. b5 Nge7 17. O-O Nd8 18. Bxd4 Qc7 19. Rfc1 Rc8 20. c4 dxc4 21. Qe3 b6 22. Nd2 O-O 23. Nxc4 Qd7 24. Nd6 Rxc1+ 25. Rxc1 Ne6 26. Bb2 g6 27. a4 Nc8 28. Nc4 Rd8 29. h3 Qd3 30. Qh6 Qe2 31. Kh2 Ne7 32. Ba3 Nd5 33. Nd6 Qxe5+ 34. Kh1 Ndf4 35. Nc4 Qe2 36. Rg1 Qxc4 37. Bb2 Rd2 38. Be5 Qe4 39. Bxf4 Qxf4 0-1

[Event "Paderborn- Kirchlengern"]
[Site "?"]
[Date "2024.05.05"]
[Round "9.3"]
[White "Dilger, Tim"]
[Black "Hoette, Moritz"]
[Result "1-0"]
[WhiteElo "1946"]
[BlackElo "2061"]
[PlyCount "79"]
[EventDate "2024.??.??"]
[SourceVersionDate "2023.09.25"]

1. d4 c6 2. c4 d5 3. Nf3 Nf6 4. Nc3 a6 5. e3 e6 6. Qc2 Nbd7 7. b3 Bd6 8. Bb2 O-O 9. Bd3 dxc4 10. bxc4 e5 11. O-O Re8 12. Rad1 Qe7 13. Ng5 h6 14. Nge4 Nxe4 15. Nxe4 Bc7 16. d5 Kh8 17. Qc3 Nf6 18. Ba3 Nxe4 19. Bxe4 c5 20. Qc2 Bd6 21. f3 Bd7 22. Rb1 b5 23. Bd3 b4 24. Bb2 Qg5 25. Qf2 f5 26. f4 exf4 27. exf4 Qh5 28. Qg3 Qf7 29. Be5 Qf8 30. Rbe1 Kh7 31. Re3 g6 32. h4 h5 33. Rfe1 a5 34. Bc2 a4 35. R1e2 Rab8 36. Qe1 Red8 37. Bxd6 Qxd6 38. Re7+ Kh6 39. Qg3 Qf6 40. Qg5+ 1-0

[Event "Paderborn- Kirchlengern"]
[Site "?"]
[Date "2024.05.05"]
[Round "9.4"]
[White "Sicker, Rolf"]
[Black "Knollmann, Benjamin"]
[Result "1/2-1/2"]
[WhiteElo "2021"]
[BlackElo "1943"]
[PlyCount "60"]
[EventDate "2024.??.??"]
[SourceVersionDate "2023.09.25"]

1. e4 c5 2. c3 e6 3. d4 d5 4. exd5 exd5 5. Bd3 Nc6 6. Ne2 c4 7. Bc2 Bd6 8. Bf4 Nge7 9. Nd2 Ng6 10. Bxd6 Qxd6 11. Ng3 Qe6+ 12. Qe2 Nf4 13. Qxe6+ Bxe6 14. O-O h5 15. Rae1 Kd7 16. Ne2 g5 17. Nf3 Rag8 18. Ng3 h4 19. Nf5 Nd3 20. Bxd3 cxd3 21. Ne3 g4 22. Ne5+ Nxe5 23. dxe5 Rh5 24. Rd1 Rxe5 25. Rxd3 Kc6 26. b3 g3 27. hxg3 hxg3 28. fxg3 Rxg3 29. Nc4 dxc4 30. Rxg3 cxb3 1/2-1/2

[Event "Paderborn- Kirchlengern"]
[Site "?"]
[Date "2024.05.05"]
[Round "9.5"]
[White "Ott, Helmut"]
[Black "Stirnberg, Noah"]
[Result "1/2-1/2"]
[WhiteElo "1973"]
[BlackElo "1930"]
[PlyCount "66"]
[EventDate "2024.??.??"]
[SourceVersionDate "2023.09.25"]

1. d4 f5 2. c4 Nf6 3. Nf3 g6 4. Bf4 Bg7 5. h3 O-O 6. e3 d6 7. Be2 Ne4 8. Nbd2 Nxd2 9. Qxd2 Nd7 10. Rd1 Nf6 11. O-O Ne4 12. Qc2 Qe8 13. d5 Bd7 14. Nd4 Nc5 15. Bf3 Rb8 16. Rc1 a5 17. b3 Kh8 18. Qd2 Rg8 19. Rfd1 b6 20. Qc2 Bf6 21. Nc6 Ra8 22. Nd4 Rc8 23. Re1 g5 24. Bh2 Qg6 25. g4 fxg4 26. Qxg6 hxg6 27. Bxg4 Bxg4 28. hxg4 Nd3 29. Ne6 Kh7 30. Bg3 Rh8 31. Kg2 Nxe1+ 32. Rxe1 Kg8 33. e4 Kf7 1/2-1/2

[Event "Paderborn- Kirchlengern"]
[Site "?"]
[Date "2024.05.05"]
[Round "9.6"]
[White "Klueners, Juergen"]
[Black "Brueggemann, Jan Lucas"]
[Result "1-0"]
[WhiteElo "2071"]
[BlackElo "1868"]
[PlyCount "49"]
[EventDate "2024.??.??"]
[SourceVersionDate "2023.09.25"]

1. e4 e5 2. Nf3 Nc6 3. Nc3 Bc5 4. Nxe5 Nxe5 5. d4 Bd6 6. dxe5 Bxe5 7. Bd3 Bf6 8. O-O d6 9. f4 Ne7 10. Be3 Nc6 11. Qd2 O-O 12. Rad1 Bg4 13. Rde1 Bd7 14. Nd5 a5 15. c3 Be6 16. Bb1 b6 17. Qd3 g6 18. Nxf6+ Qxf6 19. f5 gxf5 20. exf5 Bd7 21. Qd2 Qh4 22. Rf4 Qh5 23. Be4 f6 24. Bf3 Qf7 25. Bd5 1-0